[Event "Turkish Cup 2022"]
[Site "Sakarya"]
[Date "2022.03.26"]
[Round "3.45"]
[White "Isbilir, Okan"]
[Black "Gani, Refik Efe"]
[Result "1/2-1/2"]
[WhiteElo "1915"]
[BlackElo "1370"]
[Annotator "NA"]
[PlyCount "133"]
[EventDate "2022.03.25"]
[EventType "swiss"]
[EventCountry "TUR"]
[SourceTitle "playchess.com"]
[Source "ChessBase"]
[SourceQuality "1"]
[TimeControl "5400+30"]

1. d4 {[%emt 0:01:00]} d5 {[%emt 0:01:00]} 2. c4 {[%emt 0:00:30]} e6 {[%emt 0:00:00]} 3. g3 {[%emt 0:00:30]} c6 {[%emt 0:00:00]} 4. Qc2 {[%emt 0:00:30]} dxc4 {[%emt 0:02:30]} 5. Qxc4 {[%emt 0:00:30]} b5 {[%emt 0:05:30]} 6. Qd3 {[%emt 0:03:30]} Bb7 {[%emt 0:02:30]} 7. Bg2 {[%emt 0:01:30]} Nf6 {[%emt 0:01:30]} 8. Nc3 {[%emt 0:00:30]} a6 {[%emt 0:00:30]} 9. Nh3 {[%emt 0:06:30]} h6 {[%emt 0:04:30]} 10. O-O {[%emt 0:00:30]} Be7 {[%emt 0:01:30]} 11. Rd1 {[%emt 0:00:30]} O-O {[%emt 0:01:30]} 12. Bf4 {[%emt 0:03:30]} Nbd7 {[%emt 0:03:30]} 13. Rac1 {[%emt 0:03:30]} Qb6 {[%emt 0:03:30]} 14. a4 {[%emt 0:03:30]} Rfd8 {[%emt 0:06:30]} 15. Qc2 {[%emt 0:02:30]} c5 {[%emt 0:07:30]} 16. Ne4 {[%emt 0:04:30]} c4 {[%emt 0:04:30]} 17. a5 {[%emt 0:13:30]} Qa7 {[%emt 0:01:30]} 18. Nc3 {[%emt 0:06:30]} Bxg2 {[%emt 0:05:30]} 19. Kxg2 {[%emt 0:00:30]} Nb8 {[%emt 0:03:30]} 20. Bxb8 {[%emt 0:04:30]} Raxb8 {[%emt 0:01:30]} 21. e3 {[%emt 0:02:30]} Qc7 {[%emt 0:01:30]} 22. Ra1 {[%emt 0:02:30]} Bb4 {[%emt 0:03:30]} 23. Ne4 {[%emt 0:05:30]} Nxe4 {[%emt 0:06:30]} 24. Qxe4 {[%emt 0:00:30]} c3 {[%emt 0:01:30]} 25. bxc3 {[%emt 0:04:30]} Bxc3 {[%emt 0:01:30]} 26. Rdc1 {[%emt 0:01:30]} b4 {[%emt 0:01:30]} 27. Nf4 {[%emt 0:00:30]} b3 {[%emt 0:07:30]} 28. Ra3 {[%emt 0:05:30]} b2 {[%emt 0:03:36]} 29. Rcxc3 {[%emt 0:01:30]} Qxc3 {[%emt 0:00:24]} 30. Rxc3 {[%emt 0:00:30]} b1=Q {[%emt 0:00:07]} 31. Qxb1 {[%emt 0:03:56]} Rxb1 {[%emt 0:00:30]} 32. Rc6 {[%emt 0:00:09]} Ra8 {[%emt 0:00:06]} 33. Nd3 {[%emt 0:03:00]} Ra1 {[%emt 0:01:47]} 34. Rc5 {[%emt 0:01:17]} Rb8 {[%emt 0:00:36]} 35. Ne5 {[%emt 0:02:58]} f6 {[%emt 0:03:47]} 36. Nd7 {[%emt 0:01:10]} Rb5 {[%emt 0:01:50]} 37. Rc8+ {[%emt 0:00:17]} Kf7 {[%emt 0:00:24]} 38. Nc5 {[%emt 0:00:41]} Raxa5 {[%emt 0:03:21]} 39. Rc7+ {[%emt 0:00:30]} Ke8 {[%emt 0:00:30]} 40. Nxe6 {[%emt 0:00:00]} g5 {[%emt 0:01:31]} 41. Ra7 {[%emt 0:01:47]} Rb6 {[%emt 0:02:10]} 42. d5 {[%emt 0:01:50]} Ra2 {[%emt 0:01:52]} 43. Kf3 {[%emt 0:00:13]} a5 {[%emt 0:01:37]} 44. h4 {[%emt 0:00:30]} a4 {[%emt 0:00:34]} 45. hxg5 {[%emt 0:01:24]} hxg5 {[%emt 0:00:06]} 46. e4 {[%emt 0:00:27]} a3 {[%emt 0:00:50]} 47. Kg4 {[%emt 0:01:09]} Rxf2 {[%emt 0:01:40]} 48. Rxa3 {[%emt 0:00:03]} Rxe6 {[%emt 0:01:00]} 49. dxe6 {[%emt 0:00:33]} Ke7 {[%emt 0:00:05]} 50. Ra6 {[%emt 0:00:33]} Re2 {[%emt 0:00:37]} 51. Kf3 {[%emt 0:00:53]} Rd2 {[%emt 0:00:09]} 52. Kg4 {[%emt 0:02:51]} Re2 {[%emt 0:00:13]} 53. Kf3 {[%emt 0:00:39]} Rd2 {[%emt 0:00:02]} 54. e5 {[%emt 0:00:34]} f5 {[%emt 0:01:37]} 55. g4 {[%emt 0:00:55]} f4 {[%emt 0:02:42]} 56. Ke4 {[%emt 0:00:38]} Rd8 {[%emt 0:01:26]} 57. Kf5 {[%emt 0:03:04]} Rf8+ {[%emt 0:00:48]} 58. Kxg5 {[%emt 0:00:10]} f3 {[%emt 0:00:15]} 59. Ra1 {[%emt 0:00:10]} f2 {[%emt 0:00:06]} 60. Rf1 {[%emt 0:00:12]} Kxe6 {[%emt 0:00:19]} 61. Kh6 {[%emt 0:02:06]} Kxe5 {[%emt 0:00:15]} 62. g5 {[%emt 0:00:19]} Ke4 {[%emt 0:00:49]} 63. g6 {[%emt 0:00:30]} Ke3 {[%emt 0:00:00]} 64. g7 {[%emt 0:00:31]} Rg8 {[%emt 0:00:00]} 65. Kh7 {[%emt 0:00:11]} Rxg7+ {[%emt 0:00:23]} 66. Kxg7 {[%emt 0:00:00]} Ke2 {[%emt 0:00:10]} 67. Ra1 {[%emt 0:00:43]} 1/2-1/2

[Event "Turkish Cup 2022"]
[Site "Sakarya"]
[Date "2022.03.26"]
[Round "3.46"]
[White "Kilic, Cihan"]
[Black "Togrul, Ayberk"]
[Result "1-0"]
[WhiteElo "1874"]
[BlackElo "1526"]
[Annotator "NA"]
[PlyCount "73"]
[EventDate "2022.03.25"]
[EventType "swiss"]
[EventCountry "TUR"]
[SourceTitle "playchess.com"]
[Source "ChessBase"]
[SourceQuality "1"]
[TimeControl "5400+30"]

1. d4 {[%emt 0:03:00]} Nf6 {[%emt 0:01:00]} 2. Nf3 {[%emt 0:01:30]} g6 {[%emt 0:01:30]} 3. Bf4 {[%emt 0:00:30]} Bg7 {[%emt 0:00:30]} 4. e3 {[%emt 0:00:30]} d6 {[%emt 0:00:30]} 5. Nbd2 {[%emt 0:00:30]} Nbd7 {[%emt 0:00:00]} 6. h3 {[%emt 0:00:00]} b6 {[%emt 0:00:00]} 7. Be2 {[%emt 0:00:00]} Bb7 {[%emt 0:00:30]} 8. O-O {[%emt 0:00:30]} O-O {[%emt 0:00:30]} 9. c4 {[%emt 0:00:30]} Re8 {[%emt 0:01:30]} 10. Qc2 {[%emt 0:01:30]} e5 {[%emt 0:02:30]} 11. Bh2 {[%emt 0:02:30]} exd4 {[%emt 0:03:30]} 12. Nxd4 {[%emt 0:01:30]} Ne5 {[%emt 0:05:30]} 13. Rfd1 {[%emt 0:02:30]} Nc6 {[%emt 0:05:30]} 14. N2f3 {[%emt 0:05:30]} Qe7 {[%emt 0:07:30]} 15. Rac1 {[%emt 0:01:30]} Nxd4 {[%emt 0:00:30]} 16. Nxd4 {[%emt 0:01:30]} Nd7 {[%emt 0:01:30]} 17. b4 {[%emt 0:02:30]} Bxd4 {[%emt 0:04:30]} 18. Rxd4 {[%emt 0:01:30]} a5 {[%emt 0:01:30]} 19. a3 {[%emt 0:00:30]} axb4 {[%emt 0:00:00]} 20. axb4 {[%emt 0:00:30]} Ne5 {[%emt 0:02:00]} 21. Qb2 {[%emt 0:05:30]} Qg5 {[%emt 0:02:30]} 22. Bg3 {[%emt 0:01:30]} Qf6 {[%emt 0:04:30]} 23. c5 {[%emt 0:08:30]} bxc5 {[%emt 0:13:30]} 24. bxc5 {[%emt 0:00:30]} Ba6 {[%emt 0:03:30]} 25. Bxa6 {[%emt 0:03:30]} Rxa6 {[%emt 0:00:00]} 26. Qb7 {[%emt 0:00:30]} dxc5 {[%emt 0:04:00]} 27. Rxc5 {[%emt 0:04:30]} Rb6 {[%emt 0:03:30]} 28. Qxc7 {[%emt 0:05:30]} Rb1+ {[%emt 0:00:30]} 29. Kh2 {[%emt 0:00:00]} Nf3+ {[%emt 0:08:30]} 30. gxf3 {[%emt 0:00:00]} Qxf3 {[%emt 0:00:00]} 31. Rc1 {[%emt 0:00:30]} Rb2 {[%emt 0:00:00]} 32. Rf4 {[%emt 0:00:00]} Qd5 {[%emt 0:00:30]} 33. Rd1 {[%emt 0:01:00]} Qb3 {[%emt 0:02:30]} 34. Rd8 {[%emt 0:00:30]} Rxd8 {[%emt 0:02:30]} 35. Qxd8+ {[%emt 0:00:30]} Kg7 {[%emt 0:00:30]} 36. Qf6+ {[%emt 0:00:00]} Kg8 {[%emt 0:00:30]} 37. Rd4 {[%emt 0:00:00]} 1-0

[Event "Turkish Cup 2022"]
[Site "Sakarya"]
[Date "2022.03.26"]
[Round "3.47"]
[White "Zuberoglu, Ibrahim Berk"]
[Black "Parlarkilic, Engin"]
[Result "0-1"]
[WhiteElo "1780"]
[BlackElo "1587"]
[Annotator "NA"]
[PlyCount "52"]
[EventDate "2022.03.25"]
[EventType "swiss"]
[EventCountry "TUR"]
[SourceTitle "playchess.com"]
[Source "ChessBase"]
[SourceQuality "1"]
[TimeControl "5400+30"]

1. e4 {[%emt 0:01:00]} d5 {[%emt 0:01:00]} 2. exd5 {[%emt 0:00:30]} Nf6 {[%emt 0:00:30]} 3. d4 {[%emt 0:00:00]} Bg4 {[%emt 0:00:30]} 4. Be2 {[%emt 0:00:00]} Bxe2 {[%emt 0:00:30]} 5. Qxe2 {[%emt 0:01:30]} Qxd5 {[%emt 0:01:30]} 6. Nf3 {[%emt 0:00:00]} Nc6 {[%emt 0:07:30]} 7. O-O {[%emt 0:03:00]} h6 {[%emt 0:19:30]} 8. Be3 {[%emt 0:10:30]} O-O-O {[%emt 0:00:30]} 9. c4 {[%emt 0:00:30]} Qh5 {[%emt 0:00:30]} 10. Nc3 {[%emt 0:01:30]} e6 {[%emt 0:01:30]} 11. Rfd1 {[%emt 0:09:30]} Bd6 {[%emt 0:07:30]} 12. h3 {[%emt 0:01:30]} g5 {[%emt 0:00:30]} 13. Nb5 {[%emt 0:03:30]} Bf4 {[%emt 0:01:30]} 14. Bxf4 {[%emt 0:05:30]} gxf4 {[%emt 0:00:30]} 15. Qd2 {[%emt 0:02:30]} e5 {[%emt 0:09:30]} 16. Nxe5 {[%emt 0:04:30]} Nxd4 {[%emt 0:03:30]} 17. Nxa7+ {[%emt 0:08:30]} Kb8 {[%emt 0:01:30]} 18. Qa5 {[%emt 0:00:30]} Ne2+ {[%emt 0:08:30]} 19. Kh1 {[%emt 0:05:30]} Ng3+ {[%emt 0:00:30]} 20. fxg3 {[%emt 0:01:30]} Rxd1+ {[%emt 0:00:30]} 21. Rxd1 {[%emt 0:00:30]} Qxd1+ {[%emt 0:00:30]} 22. Kh2 {[%emt 0:00:30]} fxg3+ {[%emt 0:01:30]} 23. Kxg3 {[%emt 0:00:00]} Qd6 {[%emt 0:10:30]} 24. Kf3 {[%emt 0:01:00]} Re8 {[%emt 0:03:40]} 25. Nxf7 {[%emt 0:05:30]} Qd3+ {[%emt 0:00:56]} 26. Kf4 {[%emt 0:02:30]} Qxc4+ {[%emt 0:02:18]} 0-1

[Event "Turkish Cup 2022"]
[Site "Sakarya"]
[Date "2022.03.27"]
[Round "4.1"]
[White "Zor, Alber Kadir"]
[Black "Koksal, Ege"]
[Result "1/2-1/2"]
[WhiteElo "2147"]
[BlackElo "2343"]
[Annotator "NA"]
[PlyCount "20"]
[EventDate "2022.03.25"]
[EventType "swiss"]
[EventCountry "TUR"]
[SourceTitle "playchess.com"]
[Source "ChessBase"]
[SourceQuality "1"]
[TimeControl "5400+30"]

1. e4 {[%emt 0:01:00]} e5 {[%emt 0:01:00]} 2. Nf3 {[%emt 0:00:30]} Nc6 {[%emt 0:00:30]} 3. d4 {[%emt 0:00:30]} exd4 {[%emt 0:00:30]} 4. Nxd4 {[%emt 0:00:00]} Nf6 {[%emt 0:00:00]} 5. Nxc6 {[%emt 0:00:00]} bxc6 {[%emt 0:00:00]} 6. e5 {[%emt 0:00:00]} Nd5 {[%emt 0:00:00]} 7. c4 {[%emt 0:01:00]} Nb6 {[%emt 0:01:00]} 8. Be3 {[%emt 0:15:30]} Bb4+ {[%emt 0:00:30]} 9. Nd2 {[%emt 0:02:30]} Qe7 {[%emt 0:06:30]} 10. Bd3 {[%emt 0:06:30]} O-O {[%emt 0:13:30]} 1/2-1/2

[Event "Turkish Cup 2022"]
[Site "Sakarya"]
[Date "2022.03.27"]
[Round "4.2"]
[White "Caputcuoglu, Zeki Berke"]
[Black "Isik, Alparslan"]
[Result "1-0"]
[WhiteElo "2095"]
[BlackElo "2328"]
[Annotator "NA"]
[PlyCount "77"]
[EventDate "2022.03.25"]
[EventType "swiss"]
[EventCountry "TUR"]
[SourceTitle "playchess.com"]
[Source "ChessBase"]
[SourceQuality "1"]
[TimeControl "5400+30"]

1. e4 {[%emt 0:02:00]} c5 {[%emt 0:01:00]} 2. Nf3 {[%emt 0:00:30]} e6 {[%emt 0:00:30]} 3. d4 {[%emt 0:00:00]} cxd4 {[%emt 0:00:00]} 4. Nxd4 {[%emt 0:00:00]} Nc6 {[%emt 0:00:00]} 5. Nc3 {[%emt 0:00:30]} Qc7 {[%emt 0:00:00]} 6. g3 {[%emt 0:00:30]} a6 {[%emt 0:00:00]} 7. Bg2 {[%emt 0:00:30]} h5 {[%emt 0:00:30]} 8. h3 {[%emt 0:04:30]} b5 {[%emt 0:07:30]} 9. O-O {[%emt 0:06:30]} Nf6 {[%emt 0:19:30]} 10. Re1 {[%emt 0:11:30]} Nxd4 {[%emt 0:15:30]} 11. Qxd4 {[%emt 0:00:30]} Bc5 {[%emt 0:14:30]} 12. Qd3 {[%emt 0:00:30]} e5 {[%emt 0:00:00]} 13. Bg5 {[%emt 0:12:30]} Bb7 {[%emt 0:00:00]} 14. Bxf6 {[%emt 0:12:30]} gxf6 {[%emt 0:00:30]} 15. Nd5 {[%emt 0:02:30]} Bxd5 {[%emt 0:00:30]} 16. exd5 {[%emt 0:00:30]} d6 {[%emt 0:01:30]} 17. h4 {[%emt 0:10:30]} Qd7 {[%emt 0:04:30]} 18. Re2 {[%emt 0:02:30]} Qg4 {[%emt 0:04:30]} 19. Be4 {[%emt 0:02:30]} Ke7 {[%emt 0:08:30]} 20. c3 {[%emt 0:02:30]} a5 {[%emt 0:01:30]} 21. Rc1 {[%emt 0:07:30]} Rab8 {[%emt 0:06:42]} 22. b4 {[%emt 0:01:40]} axb4 {[%emt 0:00:14]} 23. cxb4 {[%emt 0:02:02]} Bb6 {[%emt 0:04:53]} 24. Bf5 {[%emt 0:04:53]} Qxb4 {[%emt 0:01:08]} 25. Rc6 {[%emt 0:01:24]} Rb7 {[%emt 0:01:42]} 26. Rec2 {[%emt 0:05:36]} Qd4 {[%emt 0:02:30]} 27. Qf3 {[%emt 0:01:46]} Ra7 {[%emt 0:00:20]} 28. Be4 {[%emt 0:01:16]} Rd8 {[%emt 0:01:13]} 29. Qf5 {[%emt 0:01:38]} Bc5 {[%emt 0:00:37]} 30. R2xc5 {[%emt 0:00:36]} dxc5 {[%emt 0:00:33]} 31. Qxf6+ {[%emt 0:01:28]} Ke8 {[%emt 0:00:11]} 32. Qh8+ {[%emt 0:00:42]} Ke7 {[%emt 0:00:36]} 33. Qf6+ {[%emt 0:00:30]} Ke8 {[%emt 0:00:00]} 34. Bg6 {[%emt 0:01:39]} Qd1+ {[%emt 0:05:12]} 35. Kh2 {[%emt 0:00:38]} Qxd5 {[%emt 0:00:30]} 36. Re6+ {[%emt 0:00:05]} Kd7 {[%emt 0:00:00]} 37. Re7+ {[%emt 0:00:54]} Kc8 {[%emt 0:00:00]} 38. Rxa7 {[%emt 0:00:07]} Rd6 {[%emt 0:01:07]} 39. Qe7 {[%emt 0:00:38]} 1-0

[Event "Turkish Cup 2022"]
[Site "Sakarya"]
[Date "2022.03.27"]
[Round "4.3"]
[White "Sevgi, Volkan"]
[Black "Ererdem, Gani Eren"]
[Result "1-0"]
[WhiteElo "2344"]
[BlackElo "2134"]
[Annotator "NA"]
[PlyCount "79"]
[EventDate "2022.03.25"]
[EventType "swiss"]
[EventCountry "TUR"]
[SourceTitle "playchess.com"]
[Source "ChessBase"]
[SourceQuality "1"]
[TimeControl "5400+30"]

1. d4 {[%emt 0:01:00]} Nf6 {[%emt 0:04:00]} 2. c4 {[%emt 0:00:30]} c5 {[%emt 0:07:30]} 3. d5 {[%emt 0:02:30]} b5 {[%emt 0:00:30]} 4. f3 {[%emt 0:01:30]} bxc4 {[%emt 0:03:30]} 5. e4 {[%emt 0:00:30]} d6 {[%emt 0:00:30]} 6. Bxc4 {[%emt 0:05:30]} g6 {[%emt 0:00:30]} 7. Nc3 {[%emt 0:02:30]} Bg7 {[%emt 0:00:30]} 8. Nge2 {[%emt 0:00:30]} O-O {[%emt 0:00:30]} 9. Be3 {[%emt 0:01:30]} Nfd7 {[%emt 0:09:30]} 10. f4 {[%emt 0:19:30]} Ba6 {[%emt 0:21:30]} 11. Bxa6 {[%emt 0:06:30]} Nxa6 {[%emt 0:00:30]} 12. O-O {[%emt 0:00:30]} Qa5 {[%emt 0:07:30]} 13. a3 {[%emt 0:09:30]} Rfc8 {[%emt 0:12:30]} 14. e5 {[%emt 0:10:30]} dxe5 {[%emt 0:03:30]} 15. b4 {[%emt 0:00:30]} Qd8 {[%emt 0:01:30]} 16. d6 {[%emt 0:08:30]} cxb4 {[%emt 0:06:17]} 17. dxe7 {[%emt 0:07:39]} Qxe7 {[%emt 0:00:30]} 18. Nd5 {[%emt 0:00:21]} Qe6 {[%emt 0:00:25]} 19. f5 {[%emt 0:00:00]} gxf5 {[%emt 0:00:59]} 20. Ng3 {[%emt 0:00:00]} f4 {[%emt 0:03:14]} 21. Nf5 {[%emt 0:00:30]} Bf8 {[%emt 0:00:13]} 22. Rxf4 {[%emt 0:06:54]} exf4 {[%emt 0:03:28]} 23. Nde7+ {[%emt 0:02:14]} Kh8 {[%emt 0:00:40]} 24. Qg4 {[%emt 0:00:11]} f6 {[%emt 0:01:27]} 25. Ng6+ {[%emt 0:05:06]} hxg6 {[%emt 0:02:16]} 26. Qh3+ {[%emt 0:00:01]} Kg8 {[%emt 0:00:13]} 27. Nh6+ {[%emt 0:00:30]} Bxh6 {[%emt 0:00:30]} 28. Qxe6+ {[%emt 0:00:00]} Kh8 {[%emt 0:00:52]} 29. Bd4 {[%emt 0:00:00]} Nac5 {[%emt 0:02:09]} 30. Qh3 {[%emt 0:00:00]} Kh7 {[%emt 0:05:28]} 31. axb4 {[%emt 0:00:00]} f5 {[%emt 0:00:43]} 32. bxc5 {[%emt 0:00:32]} Nxc5 {[%emt 0:00:40]} 33. Re1 {[%emt 0:00:32]} Ne4 {[%emt 0:02:35]} 34. Rxe4 {[%emt 0:00:30]} fxe4 {[%emt 0:00:30]} 35. Qd7+ {[%emt 0:00:00]} Kg8 {[%emt 0:00:00]} 36. Qe6+ {[%emt 0:00:40]} Kf8 {[%emt 0:00:27]} 37. Qf6+ {[%emt 0:00:30]} Ke8 {[%emt 0:00:00]} 38. Qxg6+ {[%emt 0:00:17]} Kd7 {[%emt 0:00:00]} 39. Qh7+ {[%emt 0:01:04]} Ke8 {[%emt 0:00:25]} 40. Qxe4+ {[%emt 0:00:12]} 1-0

[Event "Turkish Cup 2022"]
[Site "Sakarya"]
[Date "2022.03.27"]
[Round "4.4"]
[White "Kilic, Eray"]
[Black "Samani, Yamac"]
[Result "0-1"]
[WhiteElo "2088"]
[BlackElo "2257"]
[Annotator "NA"]
[PlyCount "116"]
[EventDate "2022.03.25"]
[EventType "swiss"]
[EventCountry "TUR"]
[SourceTitle "playchess.com"]
[Source "ChessBase"]
[SourceQuality "1"]
[TimeControl "5400+30"]

1. e4 {[%emt 0:01:00]} e6 {[%emt 0:01:00]} 2. c4 {[%emt 0:00:30]} d5 {[%emt 0:03:30]} 3. exd5 {[%emt 0:03:30]} exd5 {[%emt 0:01:30]} 4. cxd5 {[%emt 0:00:30]} Nf6 {[%emt 0:00:00]} 5. Bb5+ {[%emt 0:06:30]} Nbd7 {[%emt 0:01:00]} 6. Nc3 {[%emt 0:01:30]} Be7 {[%emt 0:03:30]} 7. Nf3 {[%emt 0:01:30]} O-O {[%emt 0:01:30]} 8. O-O {[%emt 0:00:00]} Nb6 {[%emt 0:00:30]} 9. d4 {[%emt 0:01:00]} Bg4 {[%emt 0:06:30]} 10. h3 {[%emt 0:00:30]} Bh5 {[%emt 0:00:30]} 11. Re1 {[%emt 0:03:30]} Nfxd5 {[%emt 0:07:30]} 12. Re5 {[%emt 0:11:30]} Bg6 {[%emt 0:02:30]} 13. Qb3 {[%emt 0:03:30]} Nb4 {[%emt 0:27:30]} 14. Bg5 {[%emt 0:04:30]} Bxg5 {[%emt 0:03:30]} 15. Rxg5 {[%emt 0:01:30]} a5 {[%emt 0:04:30]} 16. Rc1 {[%emt 0:13:30]} c6 {[%emt 0:06:30]} 17. Bf1 {[%emt 0:01:30]} Nd3 {[%emt 0:04:30]} 18. Rd1 {[%emt 0:04:30]} Nb4 {[%emt 0:04:08]} 19. Rd2 {[%emt 0:10:30]} Kh8 {[%emt 0:04:49]} 20. Rg3 {[%emt 0:04:30]} f6 {[%emt 0:06:30]} 21. Nh4 {[%emt 0:01:30]} Bf7 {[%emt 0:00:42]} 22. Qd1 {[%emt 0:00:30]} g5 {[%emt 0:01:16]} 23. Nf5 {[%emt 0:10:53]} Bg6 {[%emt 0:00:16]} 24. Rf3 {[%emt 0:00:36]} Qd7 {[%emt 0:00:50]} 25. g4 {[%emt 0:01:16]} Rae8 {[%emt 0:00:32]} 26. Re2 {[%emt 0:03:22]} N4d5 {[%emt 0:00:31]} 27. Ne4 {[%emt 0:01:42]} Nf4 {[%emt 0:00:57]} 28. Ree3 {[%emt 0:01:24]} Nbd5 {[%emt 0:01:30]} 29. Nc5 {[%emt 0:00:49]} Qc7 {[%emt 0:01:22]} 30. Re1 {[%emt 0:03:14]} Rxe1 {[%emt 0:01:25]} 31. Qxe1 {[%emt 0:00:30]} Re8 {[%emt 0:00:30]} 32. Ne3 {[%emt 0:00:30]} b6 {[%emt 0:00:30]} 33. Nb3 {[%emt 0:00:30]} Qd7 {[%emt 0:00:30]} 34. Nd2 {[%emt 0:00:39]} h5 {[%emt 0:00:46]} 35. Qd1 {[%emt 0:00:04]} Nxe3 {[%emt 0:00:46]} 36. fxe3 {[%emt 0:02:03]} hxg4 {[%emt 0:00:18]} 37. Rg3 {[%emt 0:00:23]} Nxh3+ {[%emt 0:01:02]} 38. Bxh3 {[%emt 0:00:30]} gxh3 {[%emt 0:00:30]} 39. Qf3 {[%emt 0:00:30]} Kg7 {[%emt 0:00:30]} 40. Kh2 {[%emt 0:00:30]} Qd5 {[%emt 0:00:00]} 41. Qg4 {[%emt 0:01:06]} Bf5 {[%emt 0:01:01]} 42. Qf4 {[%emt 0:00:16]} Qb5 {[%emt 0:00:40]} 43. Qf2 {[%emt 0:02:37]} Bg6 {[%emt 0:02:02]} 44. b3 {[%emt 0:00:30]} Qf5 {[%emt 0:00:31]} 45. Rf3 {[%emt 0:00:03]} Qg4 {[%emt 0:00:17]} 46. Rg3 {[%emt 0:00:43]} Qd1 {[%emt 0:00:47]} 47. Rxh3 {[%emt 0:00:50]} Qg4 {[%emt 0:01:12]} 48. Qg2 {[%emt 0:00:15]} Qxg2+ {[%emt 0:00:44]} 49. Kxg2 {[%emt 0:00:30]} a4 {[%emt 0:00:30]} 50. b4 {[%emt 0:00:30]} c5 {[%emt 0:00:00]} 51. bxc5 {[%emt 0:00:50]} bxc5 {[%emt 0:00:01]} 52. d5 {[%emt 0:00:01]} Re5 {[%emt 0:01:00]} 53. e4 {[%emt 0:00:29]} Bxe4+ {[%emt 0:00:00]} 54. Nxe4 {[%emt 0:00:30]} Rxe4 {[%emt 0:00:30]} 55. Rc3 {[%emt 0:00:30]} c4 {[%emt 0:00:11]} 56. d6 {[%emt 0:00:00]} Rd4 {[%emt 0:00:32]} 57. d7 {[%emt 0:00:00]} Rxd7 {[%emt 0:00:30]} 58. Rxc4 {[%emt 0:00:08]} Rd2+ {[%emt 0:00:00]} 0-1

[Event "Turkish Cup 2022"]
[Site "Sakarya"]
[Date "2022.03.27"]
[Round "4.5"]
[White "Huseyinoglu, Alihan"]
[Black "Gulden, Egemen"]
[Result "0-1"]
[WhiteElo "2312"]
[BlackElo "2094"]
[Annotator "NA"]
[PlyCount "96"]
[EventDate "2022.03.25"]
[EventType "swiss"]
[EventCountry "TUR"]
[SourceTitle "playchess.com"]
[Source "ChessBase"]
[SourceQuality "1"]
[TimeControl "5400+30"]

1. c4 {[%emt 0:01:00]} d6 {[%emt 0:02:00]} 2. d4 {[%emt 0:02:30]} e5 {[%emt 0:00:30]} 3. Nc3 {[%emt 0:01:30]} Nf6 {[%emt 0:04:30]} 4. Nf3 {[%emt 0:04:30]} Nbd7 {[%emt 0:01:30]} 5. g3 {[%emt 0:05:30]} c6 {[%emt 0:04:30]} 6. Bg2 {[%emt 0:01:30]} Be7 {[%emt 0:01:30]} 7. O-O {[%emt 0:02:30]} O-O {[%emt 0:02:30]} 8. Qc2 {[%emt 0:08:30]} Qc7 {[%emt 0:07:30]} 9. e4 {[%emt 0:09:30]} a6 {[%emt 0:09:30]} 10. a4 {[%emt 0:09:30]} a5 {[%emt 0:07:30]} 11. h3 {[%emt 0:04:30]} Nb8 {[%emt 0:10:30]} 12. c5 {[%emt 0:09:30]} dxc5 {[%emt 0:11:30]} 13. dxe5 {[%emt 0:01:30]} Ne8 {[%emt 0:00:00]} 14. Bf4 {[%emt 0:08:30]} Be6 {[%emt 0:00:00]} 15. Ng5 {[%emt 0:16:02]} Bxg5 {[%emt 0:05:30]} 16. Bxg5 {[%emt 0:00:30]} Qxe5 {[%emt 0:00:30]} 17. Bf4 {[%emt 0:05:27]} Qf6 {[%emt 0:07:30]} 18. e5 {[%emt 0:01:07]} Qe7 {[%emt 0:00:30]} 19. Ne4 {[%emt 0:01:04]} Na6 {[%emt 0:03:55]} 20. Bg5 {[%emt 0:04:18]} Qc7 {[%emt 0:04:23]} 21. f4 {[%emt 0:00:28]} c4 {[%emt 0:07:15]} 22. f5 {[%emt 0:00:52]} Bd5 {[%emt 0:00:06]} 23. Qc3 {[%emt 0:00:46]} Nb4 {[%emt 0:03:25]} 24. f6 {[%emt 0:00:28]} g6 {[%emt 0:01:50]} 25. Rad1 {[%emt 0:01:22]} Nd3 {[%emt 0:00:38]} 26. Rxd3 {[%emt 0:00:00]} cxd3 {[%emt 0:00:48]} 27. Bh6 {[%emt 0:00:12]} Qb6+ {[%emt 0:00:00]} 28. Nc5 {[%emt 0:00:53]} Nc7 {[%emt 0:01:10]} 29. Bxf8 {[%emt 0:00:33]} Rxf8 {[%emt 0:00:11]} 30. Rf2 {[%emt 0:00:25]} Bxg2 {[%emt 0:00:52]} 31. Kxg2 {[%emt 0:00:14]} Nd5 {[%emt 0:01:36]} 32. Qc1 {[%emt 0:00:29]} d2 {[%emt 0:01:08]} 33. Rxd2 {[%emt 0:00:32]} Re8 {[%emt 0:00:47]} 34. e6 {[%emt 0:00:45]} Qb4 {[%emt 0:01:05]} 35. Rf2 {[%emt 0:00:31]} Qd4 {[%emt 0:01:06]} 36. Kg1 {[%emt 0:00:29]} Nxf6 {[%emt 0:00:01]} 37. Kf1 {[%emt 0:00:59]} b6 {[%emt 0:00:17]} 38. Nd7 {[%emt 0:00:03]} Rxe6 {[%emt 0:00:10]} 39. Nxf6+ {[%emt 0:01:00]} Rxf6 {[%emt 0:00:30]} 40. Rxf6 {[%emt 0:00:30]} Qxf6+ {[%emt 0:00:30]} 41. Kg2 {[%emt 0:00:00]} Qd6 {[%emt 0:00:00]} 42. Qe3 {[%emt 0:00:00]} Qd5+ {[%emt 0:00:00]} 43. Kh2 {[%emt 0:00:00]} Qc5 {[%emt 0:00:24]} 44. Qd2 {[%emt 0:01:00]} b5 {[%emt 0:00:51]} 45. Qxa5 {[%emt 0:01:17]} Qc2+ {[%emt 0:00:03]} 46. Kh1 {[%emt 0:00:26]} Qc1+ {[%emt 0:00:07]} 47. Kg2 {[%emt 0:00:24]} Qxb2+ {[%emt 0:00:03]} 48. Kf1 {[%emt 0:00:14]} Qa1+ {[%emt 0:00:39]} 0-1